Biology in the making /

Bibliographic Details
Main Author: Snyder, Emily Eveleth
Format: Book
Language:English
Published: New York, London : McGraw-Hill, [1940]
Subjects:

MARC

Tag First Indicator Second Indicator Subfields
LEADER 00000cam a2200000 4500
001 in00000046360
005 20151007071329.0
008 760628s1940 nyuac b 00110 eng
010 |a  40009108  
035 |a (OCoLC)02286113 
035 |9 AAE5767AM 
040 |a DLC  |c GAT  |d TXA  |d UtOrBLW 
049 |a TXAM  |c [116931] 
050 0 0 |a QH305  |b .S67 
092 |a 574.09  |b S675b 
100 1 |a Snyder, Emily Eveleth. 
245 1 0 |a Biology in the making /  |c [by] Emily Eveleth Snyder ... 
264 1 |a New York,  |a London :  |b McGraw-Hill,  |c [1940] 
264 4 |c [©1940] 
300 |a xii, 539 pages :  |b illustrations (including portraits) ;  |c 21 cm. 
336 |a text  |b txt  |2 rdacontent 
337 |a unmediated  |b n  |2 rdamedia 
338 |a volume  |b nc  |2 rdacarrier 
504 |a "General bibliography": pages 495-518. 
650 0 |a Biologists. 
650 0 |a Scientists. 
650 0 |a Biology  |x History. 
999 |a MARS 
999 f f |s de261645-acd6-3ac1-be5d-7b2eba20942e  |i c8dd1695-a956-3562-ae60-c6698ec88354  |t 0 
952 f f |p ric  |a Texas A&M University  |b Rellis Campus  |c Joint Library Facility  |d Remote Storage  |t 0  |e QH305 .S67  |h Library of Congress classification  |i unmediated -- volume  |m A14800972628 
998 f f |a QH305 .S67  |t 0  |l Remote Storage